000 00630nam a22002057i 4500
999 _c23297
_d23297
003 AR-CdUCM
008 250527b20242024 pe||||| |||| 00| 0 spa d
020 _a978-612-49601-1-6
040 _aMUNICIPALIDAD PROVINCIAL DEL CUSCO
_cBIBLIOTECA MUNICIPAL DEL CUSCO
041 _hspa
082 _aEP / 807 / B95P
_bB95P
100 _aBustamante Quispe, Mario
_951181
245 _aPachamama :
_bOjotín y Goyo /
260 _aCusco :
_bAutor-Editor
_c2024
300 _a11 páginas. :
_bIlustraciones
_c30x20 cm.
505 _aPachamama
856 _fwww.ojotincomic.blospot.com
942 _2ddc
_cLIBROS
945 _apbjr
_d27-05-2025